000 00278nam a2200097Ia 4500
008 240331s9999 xx 000 0 und d
082 _bRAP
100 _aNIE, d
245 0 _aRapid needs assessment survey :
_beducation of children in conflict affected areas of Sri Lanka
942 _cL
999 _c3111
_d3111